Countries Closest to Maldives - One Minute Sprint - Statistics

General Stats
  • This quiz has been taken 60 times
  • The average score is 13 of 20
Answer Stats
km country miles % Correct
449 India 279
98%
758 Sri Lanka 471
95%
1916 Pakistan 1191
88%
2343 Iran 1456
80%
2099 Oman 1305
77%
2407 Saudi Arabia 1495
75%
2102 Yemen 1306
75%
2381 Bangladesh 1480
71%
2571 United Arab Emirates 1597
71%
2523 Myanmar 1568
66%
2627 Afghanistan 1633
64%
2365 Indonesia 1469
63%
2394 Somalia 1487
61%
2497 Nepal 1551
59%
2781 Bhutan 1728
54%
1957 Seychelles 1216
54%
2770 Thailand 1721
52%
2691 China 1672
48%
2122 Mauritius 1319
30%
2750 Ethiopia 1709
29%
No matching quizzes found
Score Distribution
Percent of People with Each Score
Percentile by Number Answered
Your Score History
You have not taken this quiz